PRINCIPLES AND PRACTICE OF PEDIATRIC ONCOLOGY (Record no. 10573)

MARC details
000 -LEADER
fixed length control field 00337nam a22001457a 4500
003 - CONTROL NUMBER IDENTIFIER
control field SGT
082 ## - DEWEY DECIMAL CLASSIFICATION NUMBER
Classification number 618.92
Item number P16P
100 ## - MAIN ENTRY--PERSONAL NAME
Personal name PIZZO, PHILIP A.
245 ## - TITLE STATEMENT
Title PRINCIPLES AND PRACTICE OF PEDIATRIC ONCOLOGY
250 ## - EDITION STATEMENT
Edition statement 7TH
260 ## - PUBLICATION, DISTRIBUTION, ETC. (IMPRINT)
Place of publication, distribution, etc PHILADELPHIA
Name of publisher, distributor, etc WOLTER
Year of Publication 2016
300 ## - PAGE DESCRIPTION
No. of Pages 1296
650 ## - SUBJECT ADDED ENTRY--TOPICAL TERM
Topical term or geographic name as entry element PEDIATRIC
942 ## - ADDED ENTRY ELEMENTS (KOHA)
Source of classification or shelving scheme Dewey Decimal Classification
Koha item type Books
942 ## - ADDED ENTRY ELEMENTS (KOHA)
-- 1
Holdings
Withdrawn status Lost status Source of classification or shelving scheme Damaged status Not for loan Collection code Home library Current library Shelving location Date acquired Vendor Name SGTU Bill Number Total Checkouts Full call number Accession No. (Barcode) Date last seen Date last borrowed Bill Date Koha item type
    Dewey Decimal Classification     MEDICAL SGT Medical Library SGT Medical Library Reference Book 21/01/2017 ABC SGTU 7551 1 618.92 P16P FM8076 28/09/2024 28/09/2024 23/12/2016 Books